<?xml version="1.0" encoding="UTF-8"?>
<record
    xmlns:xsi="http://www.w3.org/2001/XMLSchema-instance"
    xsi:schemaLocation="http://www.loc.gov/MARC21/slim http://www.loc.gov/standards/marcxml/schema/MARC21slim.xsd"
    xmlns="http://www.loc.gov/MARC21/slim">

  <leader>00518nam a22001931  4500</leader>
  <controlfield tag="001">med47002278 </controlfield>
  <controlfield tag="003">DLC</controlfield>
  <controlfield tag="005">20260227111605.0</controlfield>
  <controlfield tag="008">840906s1945    fr a          00000bfre  </controlfield>
  <datafield tag="010" ind1=" " ind2=" ">
    <subfield code="a">med47002278 //r84</subfield>
  </datafield>
  <datafield tag="040" ind1=" " ind2=" ">
    <subfield code="a">DLC/ICU</subfield>
    <subfield code="c">ICU</subfield>
  </datafield>
  <datafield tag="050" ind1="0" ind2=" ">
    <subfield code="a">R507.V4</subfield>
    <subfield code="b">B5</subfield>
  </datafield>
  <datafield tag="082" ind1="0" ind2=" ">
    <subfield code="a">926.1</subfield>
  </datafield>
  <datafield tag="100" ind1="1" ind2="0">
    <subfield code="a">Binet, M. E.</subfield>
  </datafield>
  <datafield tag="245" ind1="1" ind2="3">
    <subfield code="a">Un m&#xE9;decin pas ordinaire, le docteur V&#xE9;ron.</subfield>
  </datafield>
  <datafield tag="260" ind1="0" ind2=" ">
    <subfield code="a">Paris,</subfield>
    <subfield code="b">Michel</subfield>
    <subfield code="c">[c1945]</subfield>
  </datafield>
  <datafield tag="300" ind1=" " ind2=" ">
    <subfield code="a">324, [1] p.</subfield>
    <subfield code="b">illus.</subfield>
    <subfield code="c">20 cm.</subfield>
  </datafield>
  <datafield tag="600" ind1="1" ind2="0">
    <subfield code="a">V&#xE9;ron, Louis D&#xE9;sir&#xE9;,</subfield>
    <subfield code="d">1798-1867.</subfield>
  </datafield>
  <datafield tag="999" ind1=" " ind2=" ">
    <subfield code="c">38550</subfield>
    <subfield code="d">38550</subfield>
  </datafield>
</record>
